| 000 | 01490nam a2200373 i 4500 | ||
|---|---|---|---|
| 999 |
_c1282 _d1282 |
||
| 001 | 021680298 | ||
| 003 | UkOxU | ||
| 005 | 20230106101158.0 | ||
| 008 | 160909s2016 enka j 000|f|eng|d | ||
| 015 |
_aGBB6C7129 _2bnb |
||
| 016 | 7 |
_a018008612 _2Uk |
|
| 020 |
_a9780141365411 _qDanny the champion of the world. |
||
| 035 | _a(Uk)018008612 | ||
| 040 |
_aStDuBDS _beng _erda _cStDuBDS _dUk _dKH8 _dUkOxU |
||
| 042 | _aukblsr | ||
| 082 | 0 | 4 |
_a823.914 DAH _223 |
| 100 | 1 |
_aDahl, Roald, _eauthor. |
|
| 240 | 1 | 0 |
_aNovels. _kSelections |
| 245 | 1 | 0 |
_aDanny the Champion of the World / _cRoald Dahl, illustrated by Quentin Blake. |
| 246 | 3 | 0 | _aScrumdidlyumptious story collection |
| 264 | 1 |
_aLondon : _bPuffin, _c2016. |
|
| 300 |
_a6 volumes : _billustrations, black and white ; _c20 x 13 x 8 cm |
||
| 336 |
_atext _2rdacontent |
||
| 337 |
_aunmediated _2rdamedia |
||
| 338 |
_avolume _2rdacarrier |
||
| 500 | _aIn slip case. | ||
| 500 | _aTitle from slip case. | ||
| 505 | 0 | _aCharlie and the chocolate factory. First published 1964 -- Charlie and the great glass elevator. First published 1972 -- Danny the champion of the world. First published, 1975 -- George's marvellous medicine. First published; 1981 -- The BFG. First published 1982 -- The Twits. First published 1980. | |
| 650 | 0 | _aChildren's stories, English. | |
| 700 | 1 | 2 |
_aDahl, Roald. _tDanny the champion of the world. |
| 700 | 1 |
_aBlake, Quentin, _eartist. |
|
| 942 |
_2ddc _cNFIC |
||